000 00525cam a22002171 4500
001 sa 65006185
003 DLC
005 20260227112140.0
008 890918s1963 ii 000 0 urdr
010 _asa 65006185
035 _a(OCoLC)20360527
040 _aDLC
_cWaU
_dDLC
042 _apremarc
050 0 0 _aPK2200.A7
_bZ2 1963
100 1 _aAslam, Muhammad,
_d1885-
245 1 0 _aZ̤arb-i mujāhid.
260 _c[1963?]
300 _a141 p.
_c19 cm.
500 _aIn Urdu.
500 _aText partially vocalized.
999 _c64531
_d64531